Cabezeras Municipales Republica Dominicana - Statistics

General Stats
  • This quiz has been taken 94 times
  • The average score is 19 of 32
Answer Stats
Hint Answer % Correct
Azua Azua de Compostela
86%
Dajabón Dajabón
79%
Bahoruco Neiba
79%
La Romana La Romana
71%
Pedernales Pedernales
71%
Santiago Santiago de los Caballeros
71%
Peravia Baní
64%
Monte Plata Monte Plata
64%
San Cristóbal San Cristóbal
64%
San Juan San Juan de la Maguana
64%
San Pedro de Macorís San Pedro de Macorís
64%
Barahona Santa Cruz de Barahona
64%
Distrito Nacional Santo Domingo de Guzmán
64%
Monseñor Nouel Bonao
57%
Elías Piña Comendador
57%
Hato Mayor Hato Mayor del Rey
57%
Espalliat Moca
57%
María Trinidad Sánchez Nagua
57%
Hermanas Mirabal Salcedo
57%
Puerto Plata San Felipe de Puerto Plata
57%
Monte Cristi San Fernando de Monte Cristi
57%
Duarte San Francisco de Macorís
57%
San José de Ocoa San José de Ocoa
57%
Samaná Santa Bárbara de Samaná
57%
Santo Domingo Santo Domingo Este
57%
La Vega Concepción de la Vega
50%
Sánchez Ramírez Cotuí
50%
Independencia Jimaní
50%
Valverde Mao
50%
La Altagracia Salva León de Higüey
50%
El Seibo Santa Cruz del Seibo
50%
Santiago Rodríguez San Ignacio de Sabaneta
36%
No matching quizzes found
Score Distribution
Percent of People with Each Score
Percentile by Number Answered
Your Score History
You have not taken this quiz